000 00920cam a2200277 4500
001 25972
003 BD-RjUL
005 20211209050943.0
008 140319s1971 ii b 001 0 eng
035 _a(BD-RjUL)26042
040 _aDLC
_cDLC
_dBD-RjUL
_beng
041 _aeng
082 0 0 _a320.954
_bZAR 1971
100 1 _aZakaria, Rafiq,
_d1920-
_979066
245 1 0 _aRise of Muslims in Indian politics :
_ban analysis of developments from 1885 to 1906 /
_cWith a foreword by Y. B. Chavan.
260 _aBombay :
_bSomaiya Publications,
_c1971.
300 _axvi, 427 p. ;
_c23 cm.
500 _aA revision of the author's thesis, London University, 1948.
504 _aBibliography: p. 397-412.
504 _aIncludes index.
650 0 _aMuslims
_zIndia
_xHistory.
_977582
651 0 _aIndia
_xPolitics and government
_y1857-1919.
_96299
942 _2ddc
_cBK
999 _c25972
_d25972